000 01674nam0a2200385 4500
001 RU\NLR\bibl\1508640
005 20260406102205.0
010 _a978-5-93878-394-2
_93000
021 _aRU
_b2010-23201
_91556
021 _aRU
_b2010-23202
_91556
035 _a(nilc)RSL-KNO-004623751
035 _a(NLR Aleph) 001500049
090 _a1793529
_c1793529
100 _a20100330d2010 |||y0rusy50 ca
101 0 _arus
102 _aRU
105 _aa |||||||||
200 1 _aКнига, которая лечит
_iПреодоление старения
_eинформационно-энергетическое учение
_fС. С. Коновалов
205 _a[2-е изд., доп.]
210 _aСанкт-Петербург
_cПрайм-ЕВРОЗНАК
_d2010
215 _a255, [1] с.
_cил.
_d22
225 1 _aКнига, которая лечит
606 1 _aПожилые и старые люди
_jПопулярные издания
_xБолезни
_xТерапия нетрадиционная
_92232344
_3RU\NLR\auth\661339830
606 1 _aПожилые и старые люди
_jПопулярные издания
_xГигиена
_91930580
_3RU\NLR\auth\66881471
610 0 _aбиоэнергоинформационная терапия
686 _aР358.9,0
_2rubbk
686 _aР120.492я9
686 _aР41,8-58я9
700 1 _4070
_8rus
_7ca
_aКоновалов
_bС. С.
_cд-р мед. наук
_f1954-
_gСергей Сергеевич
_3RU\NLR\auth\7783232
_966160
801 0 _aRU
_bРГБ
_c20100330
_gRCR
801 1 _aRU
_bРГБ
_c20100330
801 2 _aRU
_bNLR
_c20100507
_grcr
942 _cBOOK
980 _aNB